| 000 | 00533nam a2200181 a 4500 | ||
|---|---|---|---|
| 005 | 20140412111305.0 | ||
| 008 | 030415s19uu xx 00 eng d | ||
| 020 | _a0-7459-4107-9 | ||
| 050 |
_aM 220.9 _bF844 1984 |
||
| 100 | _aFrank, Penny | ||
| 245 |
_aPrincess and the baby (The) / _cPenny Frank ; illustrations by Tony Morris. |
||
| 260 |
_aEngland : _bLion Publishing plc, _c1984. |
||
| 300 | _a22 p. ; ill. | ||
| 440 | _aThe Lion Story Bible | ||
| 650 | _aBible stories, O. T. | ||
| 650 | _aMoses, O. T. | ||
| 999 |
_c103619 _d103619 |
||